نقد جا ن (Record no. 94980)

MARC details
000 -LEADER
fixed length control field 00669nam a22002177a 4500
005 - DATE AND TIME OF LATEST TRANSACTION
control field 20150716120536.0
008 - FIXED-LENGTH DATA ELEMENTS--GENERAL INFORMATION
fixed length control field 140714b xxu||||| |||| 00| 0 Urdu d
010 ## - LCCN (DPL NO)
LC control number UR-9206
020 q# - INTERNATIONAL STANDARD BOOK NUMBER
Terms of availability 100.00
035 ## - SYSTEM CONTROL NUMBER
System control number U-7761
037 ## - SOURCE OF ACQUISITION
Source of stock number/acquisition DBAD/Pub.
040 ## - CATALOGING SOURCE
Original cataloging agency DPL
Language of cataloging Urdu
082 ## - DEWEY DECIMAL CLASSIFICATION NUMBER
Classification number 841
100 ## - MAIN ENTRY--PERSONAL NAME
Personal name شا ہد ا ختر
245 ## - TITLE STATEMENT
Title نقد جا ن
Statement of responsibility, etc شا ہد ا ختر
246 ## - VARYING FORM OF TITLE
Title proper/short title Naqd-e- Jaan
Remainder of title By Shahid Akhtar
260 ## - PUBLICATION, DISTRIBUTION, ETC. (IMPRINT)
Place of publication, distribution, etc Bhopal
Date of publication, distribution, etc 2010
Name of publisher, distributor, etc Secretary Madya Pardesh Urdu Acedemy
270 ## - ADDRESS
Address Malar Mosy Sanskriti Bhawan Baan Ganga Road,
City Bhopal
Postal code 462003
Telephone number 09302914983
300 ## - PHYSICAL DESCRIPTION
Extent 127ص
Dimensions 22Cm (Hb)
942 ## - ADDED ENTRY ELEMENTS (KOHA)
Source of classification or shelving scheme Dewey Decimal Classification
Item type Urdu Bks
Edition
Classification part 841
Call number suffix ش ا ہ
Holdings
Withdrawn status Lost status Source of classification or shelving scheme Damaged status Not for loan Collection code Home library Current library Date acquired Source of acquisition Cost, normal purchase price Total Checkouts Full call number Barcode Date last seen Copy number Cost, replacement price Koha item type
    Dewey Decimal Classification   Not For Loan Non-fiction D.B.Act.Division D.B.Act.Division 16/07/2015 DBAD/Pub. 100.00   841 ش ا ہ U-7761 16/07/2015 1 100.00 Urdu Bks

© Delhi Public Library
Hit Counter
free hit counter